000
00220nam a22000977a 4500
003
OSt
008
210114b ||||| |||| 00| 0 eng d
100
_a
Annie Thayyil
_9
4528
245
_a
Vimanathil ninnoru kathu
942
_c
BK
999
_c
16499
_d
16499